• 首页
  • 本馆介绍
  • 公告通知
  • 最新文献
  • 馆藏检索
  • 电子资源
  • 读者导购
  • 参考咨询
  • 我的图书馆
  • 登录
  • 详细信息显示
  • 放入我的书架
  • 预约/预借图书
  • 作者相关作品
  • 分类相关作品
  • 丛书相关作品
  • 出版社相关作品

书目信息

  • 表格格式
  • 工作单格式
  • 卡片格式
题名:
上海高考研究报告
    
 
作者: 郑方贤 编著
分册:  
出版信息: 北京   人民教育出版社  2021.07
页数: 251页
开本: 26cm
丛书名:
单 册:
中图分类: G632.474
科图分类:
主题词: 高考--研究报告--上海市--2017-2019
电子资源:
ISBN: 978-7-107-35970-5
000 00971nam0 2200241 450
001 012001001890
005 20140202092101.0
010    @a978-7-107-35970-5@dCNY48.00
100    @a20220905d2021 em y0chiy50 ea
101 0  @achi
102    @aCN@b110000
105    @aak z 000yy
106    @ar
200 1  @a上海高考研究报告@Ashang hai gao kao yan jiu bao gao@e2017-2019@f郑方贤[等]编著
210    @a北京@c人民教育出版社@d2021.07
215    @a251页@c图@d26cm
304    @a编著者还有:徐雯、黄达、徐娜、林静、蒋远桥
330    @a本书分为四个篇章。第一篇为综合篇,是对2017-2019年上海高考的综合分析,以期反映新一轮高考综合改革带来的整体效应;第二至第四篇分别是语文篇、数学篇和英语篇,每篇分别呈现各科目的分析研究成果,包括考试方案的设计和介绍、考试结果的分析和解释以及若干专题研析。
606 0  @a高考@x研究报告@y上海市@z2017-2019
690    @aG632.474@v5
701  0 @a郑方贤@Azheng fang xian@4编著
801  0 @aCN@bAHXH@c20221111
905    @b1367141-5@dG632.474@e1425@f5
    
    上海高考研究报告:2017-2019/郑方贤[等]编著.-北京:人民教育出版社,2021.07
    251页:图;26cm
    
    
    ISBN 978-7-107-35970-5:CNY48.00
    本书分为四个篇章。第一篇为综合篇,是对2017-2019年上海高考的综合分析,以期反映新一轮高考综合改革带来的整体效应;第二至第四篇分别是语文篇、数学篇和英语篇,每篇分别呈现各科目的分析研究成果,包括考试方案的设计和介绍、考试结果的分析和解释以及若干专题研析。
●
相关链接 在E读中查询图书 在五车中查询图书 在当当中查询图书 在豆瓣中查询图书


正题名:上海高考研究报告     索取号:G632.474/1425         预约/预借

序号 登录号 条形码 馆藏地/架位号 状态 备注
1 1367141   213671418   第一样本阅览室/ [索取号:G632.474/1425] 在馆    
2 1367142   213671427   教育系资料室/ [索取号:G632.474/1425] 在馆    
3 1367143   213671436   教育系资料室/ [索取号:G632.474/1425] 在馆    
4 1367144   213671445   第四借阅区/ [索取号:G632.474/1425] 在馆    
5 1367145   213671454   第四借阅区/ [索取号:G632.474/1425] 在馆    
唐山师范学院图书馆 欢迎您!
大连网信软件有限公司© 版权所有